Les équipes ayant terminé sur le podium de la Ligue 1/ Division 1 - Statistiques

Statistiques générales
  • Ce quiz a été pris 476 fois
    214 depuis la dernière actualisation
  • Le résultat moyen est 24 sur 32
Statistiques - réponses
Nombre de podiums Années sur le podium Equipes % Correct
31 1956, 1958, 1961, 1963, 1964, 1978, 1982, 1984, 1985, 1988, 1989, 1990, 1991, 1992, 1993, 1996, 1997, 1998, 2000, 2003, 2004, 2005, 2014, 2015, 2016, 2017, 2018, 2021, 2022, 2024, 2025 AS Monaco
100%
29 1934, 1937, 1938, 1939, 1948, 1949, 1970, 1971, 1972, 1973, 1975, 1987, 1989, 1990, 1991, 1992, 1994, 1999, 2003, 2007, 2008, 2009, 2010, 2011, 2013, 2020, 2022, 2023, 2025 Olympique de Marseille
100%
21 1974, 1975, 1995, 1999, 2000, 2001, 2002, 2003, 2004, 2005, 2006, 2007, 2008, 2009, 2010, 2011, 2013, 2015, 2016, 2018, 2019 Olympique Lyonnais
100%
26 1983, 1986, 1989, 1992, 1993, 1994, 1995, 1996, 1997, 2000, 2004, 2012, 2013, 2014, 2015, 2016, 2017, 2018, 2019, 2020, 2021, 2022, 2023, 2024, 2025, 2026 Paris Saint-Germain
100%
16 1946, 1948, 1949, 1950, 1951, 1952, 1954, 2001, 2005, 2006, 2011, 2012, 2014, 2019, 2021, 2026 LOSC
99%
19 1950, 1952, 1953, 1954, 1955, 1966, 1969, 1981, 1983, 1984, 1985, 1986, 1987, 1988, 1990, 1999, 2006, 2008, 2009 Girondins de Bordeaux
98%
8 1951, 1952, 1956, 1959, 1968, 1973, 1976, 2017 OGC Nice
97%
1 2020 Stade Rennais FC
97%
15 1946, 1957, 1964, 1967, 1968, 1969, 1970, 1971, 1974, 1975, 1976, 1979, 1980, 1981, 1982 AS Saint-Etienne
96%
1 2024 Stade Brestois 29
96%
9 1955, 1956, 1957, 1964, 1977, 1998, 2002, 2023, 2026 RC Lens
95%
17 1965, 1966, 1967, 1971, 1973, 1974, 1977, 1978, 1979, 1980, 1981, 1983, 1985, 1986, 1995, 1997, 2001 FC Nantes
94%
2 1988, 2012 Montpellier HSC
92%
5 1935, 1936, 1947, 1978, 1979 RC Strasbourg
89%
13 1947, 1948, 1949, 1950, 1953, 1954, 1955, 1957, 1958, 1960, 1961, 1962, 1963 Stade de Reims
89%
3 1955, 1987, 2007 Toulouse FC
88%
6 1984, 1991, 1994, 1996, 2002, 2010 AJ Auxerre
85%
2 1969, 1998 FC Metz
79%
8 1935, 1936, 1937, 1939, 1959, 1960, 1961, 1962 RC Paris
76%
9 1935, 1937, 1938, 1953, 1968, 1972, 1976, 1980, 1982 FC Sochaux-Montbéliard
75%
1 1967 Angers SCO
69%
1 1977 SC Bastia
61%
1 1951 Le Havre AC
60%
3 1934, 1938, 1939 FC Sète
58%
1 1970 RCP Sedan
58%
1 1963 Sedan-Torcy
58%
5 1958, 1959, 1960, 1962, 1972 Nîmes Olympique
57%
2 1946, 1947 CO Tourcoing-Roubaix
52%
2 1965, 1966 Valenciennes-Anzin
50%
1 1933 AS Cannes
47%
2 1933, 1936 Olympique Lillois
11%
1 1934 SC Fives
10%
Aucun quiz correspondant
Distribution des résultats
% des personnes avec chaque résultat
Percentile par nombre de réponses
Votre historique - résultats
Vous n’avez pas pris ce quiz depuis la dernière actualisation